00423 2200157 4500001002100000005001500021035002000036245007200056100001800128250001700146300002900163260003500192082001100227084001700238650001000255INLIS00000000000051720240816050026 a0010-08240000351 aKumpulan Dongeng Binatang :bSi Kancil yang Cerdik /cMB. Rahimsyah0 aMB. Rahimsyah acetakan ke-1 a112 hlm :bilus ;c21 cm aSurabaya :bBintang Usaha Jaya a398.24 a398.24 MB. k 4aFabel